000 00734nam a22002295i 4500
001 122628
003 ES-MaACL
005 20250813234142.0
007 t|
008 070214s1955 sp a r ||||1| spa d
080 _a677.022
100 1 _aPuig, Juan Bautista.
_994233
245 1 0 _aTecnología del ensaimaje de las fibras textiles /
_cpor Juan B. Puig.
250 _a1ª. ed.
260 _aBarcelona ; Buenos Aires :
_bJosé Montesó,
_c1955.
300 _a231 p. :
_bil. bl. y n. ;
_c22 cm.
490 1 _aBiblioteca de técnica textil ;
_v1
650 7 _aFibras textiles
_2embne
_9144266
830 0 _aBiblioteca de técnica textil ;
_v1
_9189915
852 _aES-MaACL
_jE-13779
_xOlim P-909
999 _c122628
_d122628